000 02034cam a2200301 4500500
005 20251228062031.0
041 _afre
042 _adc
100 1 0 _aRochiccioli, Vanina
_eauthor
700 1 0 _aBenkimoun, Franck
_eauthor
245 0 0 _aEntretien avec Vanina Rochiccioli
260 _c2022.
500 _a51
520 _aCet Entretien vise à recueillir le témoignage de la pratique d’une avocate spécialiste en Droit des Étrangers et qui est de plus Présidente du GISTI (Groupe d’information et de soutien des immigrés). Après avoir évoqué les différentes politiques d’accueil des étrangers et la notion de suspicion permanente et de ses effets, Maitre Rochiccioli nous expose les conséquences de l’instabilité législative. Deux exemples, enfin, d’étrangers malades une femme atteinte de VIH et un enfant nécessitant une équipe pluridisciplinaire ne pouvant être soignés dans leur pays.
520 _aThis interview aims to gather the testimony of a lawyer specialised in foreigners’rights and who is also President of the GISTI (Groupe d’information et de soutien des immigrés-ées). After having evoked the various policies of reception of foreigners and the notion of permanent suspicion and its effects, Maitre Rochiccioli exposes us the consequences of the legislative instability. Finally, two examples of sick foreigners : a woman suffering from HIV and a child requiring a multidisciplinary team who cannot be treated in their country.
690 _ademande d’asile
690 _adroit des étrangers
690 _adroit des étrangers malades
690 _aexternalisation de l’asile
690 _aGISTI
690 _aasylum applications
690 _aGISTI
690 _alaw on foreigners
690 _alaw on sick foreigners
690 _aoutsourcing of asylum
786 0 _nPsychologie Clinique | 53 | 1 | 2022-04-26 | p. 114-123 | 1145-1882
856 4 1 _uhttps://shs.cairn.info/revue-psychologie-clinique-2022-1-page-114?lang=fr&redirect-ssocas=7080
999 _c1588188
_d1588188